| 000 | 00564nam a2200217 a 4500 | ||
|---|---|---|---|
| 001 | 13653 | ||
| 003 | BD-JhCC | ||
| 005 | 20240313134154.0 | ||
| 008 | 240313b2020 ||||a||| ||a| 001 0 eng d | ||
| 020 | _a9781593680701 | ||
| 035 | _a(BD-JhCC)13653 | ||
| 040 |
_aBD-JhCC _dBD-JhCC |
||
| 041 | _aenglish | ||
| 082 |
_a101 _bDUT 2020 |
||
| 100 | _a Dutton,Edward | ||
| 245 |
_aMaking sense of race / _cEdward Dutton |
||
| 260 |
_a Whitefish: _bWashington Summit Publishers; _c2020. |
||
| 300 |
_a207 p. : _bill; _c22 cm. |
||
| 650 | _aPsychology | ||
| 942 |
_2ddc _cBK |
||
| 999 |
_c13653 _d13653 |
||